Statistiche per Vincitori del Pritzker Prize (Architettura)

Clicka qui per fare il quiz!

Statistiche generali

  • Questo quiz è stato fatto 14 volte
  • Il punteggio medio è 9 su 45

Statistiche sulle risposte

AnnoNomeNazionalità% Corretto
1998Renzo PianoItalia
100%
2004Zaha HadidIraq/Gran Bretagna
80%
1990Aldo RossiItalia
60%
1999Norman FosterRegno Unito
40%
1995Tadao AndoGiappone
40%
2016Alejandro AravenaCile
30%
2019Arata IsozakiGiappone
30%
2022Diébédo Francis KéréBurkina Faso/Germania
30%
1989Frank O. GehryCanada/Stati Uniti
30%
1987Kenzo TangeGiappone
30%
1988Oscar NiemeyerBrasile
30%
1979Philip JohnsonStati Uniti
30%
2007Richard RogersGran Bretagna/Italia
30%
1992Alvaro SizaPortogallo
20%
2011Eduardo Souto de MouraPortogallo
20%
2001Herzog & de MeuronSvizzera
20%
2006Paulo Mendes da RochaBrasile
20%
2017Rafael Aranda, Carme Pigem e Ramon Vilalta (RCR Arquitectes)Spagna
20%
1984Richard MeierStati Uniti
20%
2014Shigeru BanGiappone
20%
2013Toyo ItoGiappone
20%
2021Anne Lacaton e Jean-Philippe VassalFrancia
10%
2018Balkrishna DoshiIndia
10%
2015Frei Paul OttoGermania
10%
1993Fumihiko MakiGiappone
10%
1988Gordon BunshaftStati Uniti
10%
1983Ioeh Ming PeiStati Uniti/Cina
10%
2008Jean NouvelFrancia
10%
2003Jorn UtzonDanimarca
10%
2010Kazuyo Sejima e Ryūe Nishizawa (SANAA)Giappone
10%
1980Luis BarraganMessico
10%
2009Peter ZumthorSvizzera
10%
1996Rafael MoneoSpagna
10%
2000Rem KoolhaasOlanda
10%
1981Sir James StirlingGran Bretagna
10%
1997Sverre FehnNorvegia
10%
2005Thom MayneStati Uniti
10%
2012Wang ShuCina
10%
2020Yvonne Farrell e Shelley McNamara (Grafton Architects)Irlanda
10%
1994Christian de PortzamparcFrancia
0%
2002Glenn MurcuttAustralia
0%
1986Gottfried BohmGermania
0%
1985Hans HolleinAustria
0%
1982Kevin RocheIrlanda/Stati Uniti
0%
1991Robert VenturiStati Uniti
0%

Distribuzione punteggi

Percentile per numero di risposta

Percentuale di utenti per punteggio

I tuoi punteggi nel tempo

Non hai fatto questo quiz